Česko-anglický technický slovník
Salvato in:
| Natura: | Libro |
|---|---|
| Lingua: | ceco inglese |
| Pubblicazione: |
Praha
Státní nakladatelství technické literatury
1983
|
| Edizione: | 3. rev. vyd. |
| Tags: |
Nessun Tag, puoi essere il primo ad aggiungerne!!
|
MARC
| LEADER | 00000nam a2200000 4500 | ||
|---|---|---|---|
| 001 | c111645 | ||
| 005 | 20150325110614.6 | ||
| 041 | 0 | |a cze | |
| 041 | 0 | |a eng | |
| 044 | |a CZ | ||
| 245 | 1 | 0 | |a Česko-anglický technický slovník |
| 250 | |a 3. rev. vyd. | ||
| 264 | 1 | |a Praha |b Státní nakladatelství technické literatury |c 1983 | |
| 300 | |a 944 s. | ||